The ways of the weather / (Record no. 127315)

MARC details
000 -LEADER
fixed length control field 00674nam a22002297a 4500
005 - DATE AND TIME OF LATEST TRANSACTION
control field 20170124110023.0
010 ## - LIBRARY OF CONGRESS CONTROL NUMBER
LC control number 020611
020 ## - INTERNATIONAL STANDARD BOOK NUMBER
Terms of availability 00.00
035 ## - SYSTEM CONTROL NUMBER
System control number 020611
037 ## - SOURCE OF ACQUISITION
Source of stock number/acquisition Cen Lib/Ret
040 ## - CATALOGING SOURCE
Original cataloging agency DPL
Language of cataloging EN
082 ## - DEWEY DECIMAL CLASSIFICATION NUMBER
Classification number 551.591
Item number PAR
100 ## - MAIN ENTRY--PERSONAL NAME
Personal name Parker, Bertha Morris
9 (RLIN) 112889
245 ## - TITLE STATEMENT
Title The ways of the weather /
Statement of responsibility, etc by Bertha Morris Parker
260 ## - PUBLICATION, DISTRIBUTION, ETC. (IMPRINT)
Place of publication, distribution, etc New York
Name of publisher, distributor, etc Peterson
Date of publication, distribution, etc 1950
270 ## - ADDRESS
City New York
Address Evanston, Illinois
300 ## - PHYSICAL DESCRIPTION
Extent 36p.:
Dimensions 22cm(Hb)
Other physical details col. ill.
490 ## - SERIES STATEMENT
Series statement the basic science education series
650 ## - SUBJECT ADDED ENTRY--TOPICAL TERM
Topical term or geographic name as entry element Weather -- Juvenile literature
9 (RLIN) 112890
650 ## - SUBJECT ADDED ENTRY--TOPICAL TERM
Topical term or geographic name as entry element Weather
9 (RLIN) 112891
942 ## - ADDED ENTRY ELEMENTS (KOHA)
Source of classification or shelving scheme Dewey Decimal Classification
Koha item type English Books
Classification part 551.591
Call number suffix PAR
Holdings
Withdrawn status Lost status Damaged status Not for loan Home library Current library Date acquired Source of acquisition Cost, normal purchase price Total Checkouts Full call number Barcode Date last seen Copy number Cost, replacement price Price effective from Koha item type
        Central Library Central Library 29/06/2015 Cen Lib/Ret 0.00   551.591 PAR 020611 29/06/2015 1 0.00 29/06/2015 English Books

© Delhi Public Library
Hit Counter
free hit counter